| 000 | 00524nam a2200181 a 4500 | ||
|---|---|---|---|
| 005 | 20140310183247.0 | ||
| 008 | 041026s19uu xx 00 eng d | ||
| 050 |
_aBF 378 _b.F848 2000 |
||
| 100 | _aFrazer, Lorelle | ||
| 245 |
_aQuestionaire design & administartion / _cLorelle Frazer |
||
| 260 |
_aMilton : _bJohn Wiley & Sons Australia, _c2000. |
||
| 300 |
_a119 p. : _bill. ; _c28 cm. |
||
| 521 | _aPSYCH | ||
| 650 |
_aQuestionaires _xDesigns. |
||
| 700 | _aLawley, Meredith | ||
| 942 |
_cBK _2lcc _kFOR |
||
| 999 |
_c20712 _d20712 |
||